[Event "Hessen-chB"]
[Site "Korbach"]
[Date "2013.03.27"]
[Round "1"]
[White "Becker, Robin"]
[Black "Meul, Willi"]
[Result "1/2-1/2"]
[WhiteElo "1454"]
[BlackElo "1854"]
[PlyCount "84"]
[EventDate "2013.03.27"]
[EventType "swiss"]
[EventRounds "7"]
[EventCountry "GER"]
[SourceTitle "EXT 2014"]
[Source "ChessBase"]
[SourceDate "2013.11.20"]
[SourceVersion "1"]
[SourceVersionDate "2013.11.20"]
[SourceQuality "1"]

1. e4 c5 2. c3 d5 3. exd5 Qxd5 4. d4 Nf6 5. Nf3 e6 6. Na3 a6 7. Nc4 Nbd7 8. Be3 b5 9. Nce5 cxd4 10. Bxd4 Bb7 11. Be2 Be7 12. Nxd7 Nxd7 13. 0-0 0-0 14. Qb3 Rac8 15. Qxd5 Bxd5 16. Ne5 Nxe5 17. Bxe5 f6 18. Bd4 e5 19. Be3 Rfd8 20. Rfd1 Kf7 21. Bf3 Bxf3 22. gxf3 Ke6 23. Kf1 f5 24. Ke2 Rxd1 25. Rxd1 Rd8 26. Rc1 Rc8 27. b3 Rc6 28. c4 bxc4 29. Rxc4 Rxc4 30. bxc4 Bb4 31. Kd3 Kd6 32. Bc1 Bc5 33. Be3 Kc6 34. Ke2 a5 35. Kd2 a4 36. Kd3 Bxe3 37. fxe3 Kc5 38. e4 g6 39. h4 f4 40. Kc3 h6 41. Kd3 Kb4 42. a3+ Kc5 1/2-1/2

[Event "Wittelsbach op 1st"]
[Site "Kelheim"]
[Date "2012.12.29"]
[Round "6"]
[White "Winterholler, Christina"]
[Black "Meul, Willi"]
[Result "1/2-1/2"]
[WhiteElo "1880"]
[BlackElo "1856"]
[PlyCount "68"]
[EventDate "2012.12.26"]
[EventType "swiss"]
[EventRounds "7"]
[EventCountry "GER"]
[SourceTitle "EXT 2014"]
[Source "ChessBase"]
[SourceDate "2013.11.20"]
[SourceVersion "1"]
[SourceVersionDate "2013.11.20"]
[SourceQuality "1"]

1. e4 c5 2. Nf3 Nc6 3. Bb5 g6 4. Bxc6 dxc6 5. 0-0 Bg7 6. d3 e5 7. Be3 Qd6 8. Nbd2 b6 9. a4 a5 10. Re1 Ba6 11. Nc4 Bxc4 12. dxc4 Qxd1 13. Raxd1 Rd8 14. c3 f6 15. b4 Bh6 16. Rxd8+ Kxd8 17. Rd1+ Kc7 18. bxa5 Bxe3 19. axb6+ Kxb6 20. fxe3 Ne7 21. Rd6 Rf8 22. Rd7 Re8 23. Kf2 g5 24. Nd2 h5 25. Nb3 Nc8 26. a5+ Ka6 27. Rf7 Nd6 28. Nxc5+ Kxa5 29. Rxf6 Nxc4 30. Rf5 Kb5 31. Nd7 Nd6 32. Rxe5+ Rxe5 33. Nxe5 Nxe4+ 34. Ke2 Nxc3+ 1/2-1/2

[Event "Wittelsbach op 1st"]
[Site "Kelheim"]
[Date "2012.12.28"]
[Round "5"]
[White "Meul, Willi"]
[Black "Strasser, Josef"]
[Result "1/2-1/2"]
[WhiteElo "1856"]
[BlackElo "1915"]
[PlyCount "31"]
[EventDate "2012.12.26"]
[EventType "swiss"]
[EventRounds "7"]
[EventCountry "GER"]
[SourceTitle "EXT 2014"]
[Source "ChessBase"]
[SourceDate "2013.11.20"]
[SourceVersion "1"]
[SourceVersionDate "2013.11.20"]
[SourceQuality "1"]

1. d4 Nf6 2. Nf3 d5 3. e3 Bg4 4. c4 c6 5. Qb3 Qb6 6. Qxb6 axb6 7. Ne5 Bf5 8. Nc3 e6 9. Bd2 Nbd7 10. Nxd7 Kxd7 11. Be2 Ne4 12. Nxe4 Bxe4 13. f3 Bg6 14. Kf2 Be7 15. Bc3 dxc4 16. Bxc4 1/2-1/2